[Event "8th Boris Kostic mem"]
[Site "Vrsac"]
[Date "1979.09.22"]
[Round "14"]
[White "Vukic, Milan"]
[Black "Rajkovic, Dusan"]
[Result "1/2-1/2"]
[WhiteElo "2485"]
[BlackElo "2460"]
[EventDate "1979.09.07"]
[PlyCount "132"]
[Source "Perpetual Check"]

1.d4 Nf6 2.c4 e6 3.Nf3 b6 4.g3 Bb7 5.Bg2 Be7 6.O-O O-O 7.Nc3 Ne4 8.Bd2 Bf6
9.Rc1 c5 10.dxc5 bxc5 11.Qc2 Nxd2 12.Nxd2 Bxg2 13.Kxg2 Nc6 14.Nde4 Be7 15.
Rcd1 f5 16.Nd2 Rb8 17.b3 Rf7 18.Nf3 g5 19.Na4 g4 20.Ne1 Rb7 21.f3 h5 22.
Qd2 Qf8 23.Nd3 Rg7 24.Qe3 Rc7 25.f4 Nd8 26.Kf2 h4 27.Ke1 d6 28.Kd2 Qf6 29.
Kc2 Bf8 30.Qd2 Nc6 31.e3 Rh7 32.Qc3 Qg6 33.Qe1 Rh5 34.Rd2 Rch7 35.Nc3 hxg3
36.hxg3 a6 37.Qf2 Bg7 38.Qg2 Qe8 39.Na4 Bf6 40.Kb1 Kf7 41.Rfd1 Na5 42.Ndb2
Qh8 43.Qf1 Rh2 44.Qd3 Nb7 45.e4 Kg6 46.exf5+ exf5 47.Qd5 Qe8 48.Nd3 Rxd2 
49.Rxd2 Qe4 50.Kc2 Qxd5 51.cxd5 Rh1 52.Rg2 Bd4 53.Nc1 Nd8 54.Nb6 Nf7 55.
Nc4 Rf1 56.Re2 Rf3 57.Rg2 Rf1 58.Ne2 Bf6 59.a4 Rh1 60.Rg1 Rh2 61.Kd3 Rh8 
62.Rb1 Rb8 63.Na5 Nd8 64.Nc4 Nf7 65.Nc3 Rh8 66.Ne2 Rb8 1/2-1/2

[Event "8th Boris Kostic mem"]
[Site "Vrsac"]
[Date "1979.09.24"]
[Round "15"]
[White "Jansa, Vlastimil"]
[Black "Matanovic, Aleksandar"]
[Result "1/2-1/2"]
[WhiteElo "2495"]
[BlackElo "2495"]
[EventDate "1979.09.07"]
[PlyCount "31"]
[Source "Perpetual Check"]

1.e4 e5 2.Nf3 Nc6 3.Bb5 a6 4.Ba4 Nf6 5.O-O Be7 6.Re1 b5 7.Bb3 d6 8.c3 O-O 
9.h3 Nd7 10.d4 Nb6 11.Nbd2 exd4 12.cxd4 Nb4 13.Nf1 c5 14.a3 Nc6 15.Be3 c4 
16.Bc2 1/2-1/2

[Event "8th Boris Kostic mem"]
[Site "Vrsac"]
[Date "1979.09.24"]
[Round "15"]
[White "Lein, Anatoly"]
[Black "Vukic, Milan"]
[Result "1/2-1/2"]
[WhiteElo "2535"]
[BlackElo "2485"]
[EventDate "1979.09.07"]
[PlyCount "80"]
[Source "Perpetual Check"]

1.e4 Nf6 2.e5 Nd5 3.d4 d6 4.Nf3 Bg4 5.Be2 e6 6.O-O Be7 7.c4 Nb6 8.exd6 
cxd6 9.Nc3 O-O 10.Be3 d5 11.c5 Bxf3 12.Bxf3 Nc4 13.Bc1 Nc6 14.b3 N4a5 15.
Be3 Bf6 16.Rc1 b6 17.Na4 bxc5 18.Nxc5 Qe7 19.a3 Nb7 20.Be2 a5 21.Bb5 Na7 
22.Bd3 Nd6 23.b4 axb4 24.axb4 Rfb8 25.Qd2 Nab5 26.Bxb5 Rxb5 27.Ra1 Ra7 28.
Qc3 Rxa1 29.Rxa1 Rb8 30.Bf4 g5 31.Bxd6 Qxd6 32.g3 Qc6 33.Qf3 Bxd4 34.Ra7 
Qe8 35.Qg4 Rxb4 36.Qxg5+ Kh8 37.Rd7 Rb8 38.Qf4 Bxc5 39.Qf6+ Kg8 40.Qg5+ 
Kh8 1/2-1/2

[Event "8th Boris Kostic mem"]
[Site "Vrsac"]
[Date "1979.09.24"]
[Round "15"]
[White "Rajkovic, Dusan"]
[Black "Kurajica, Bojan"]
[Result "1/2-1/2"]
[WhiteElo "2460"]
[BlackElo "2515"]
[EventDate "1979.09.07"]
[PlyCount "24"]
[Source "Perpetual Check"]

1.d4 d5 2.c4 e6 3.Nc3 Nf6 4.cxd5 exd5 5.Bg5 c6 6.Qc2 Be7 7.e3 Nbd7 8.Nf3 
Nh5 9.Bxe7 Qxe7 10.Be2 Nhf6 11.O-O O-O 12.Rab1 a5 1/2-1/2

[Event "8th Boris Kostic mem"]
[Site "Vrsac"]
[Date "1979.09.24"]
[Round "15"]
[White "Marjanovic, Slavoljub"]
[Black "Bronstein, David"]
[Result "1-0"]
[WhiteElo "2505"]
[BlackElo "2555"]
[EventDate "1979.09.07"]
[PlyCount "159"]
[Source "Perpetual Check"]

1.e4 e5 2.Nf3 Nf6 3.Nxe5 d6 4.Nf3 Nxe4 5.d4 Be7 6.Bd3 Ng5 7.Nxg5 Bxg5 8.
Qe2+ Be7 9.O-O Nc6 10.c3 O-O 11.Re1 d5 12.Nd2 Bg5 13.h3 Qf6 14.Qf3 Ne7 15.
Qxf6 Bxf6 16.Nb3 Ng6 17.a4 a5 18.Kh2 Be7 19.g3 Bd6 20.Kg2 Rd8 21.Bg5 f6 
22.Bd2 b6 23.Nc1 Kf7 24.h4 Ne7 25.Bxh7 g6 26.h5 gxh5 27.Bd3 h4 28.Ne2 Rg8 
29.Bf4 hxg3 30.fxg3 Bf5 31.Rad1 Bxd3 32.Rxd3 Nf5 33.Rh1 Rae8 34.Kf2 Rxe2+ 
35.Kxe2 Bxf4 36.gxf4 Ng3+ 37.Rxg3 Rxg3 38.Rh7+ Ke6 39.Kf2 Rd3 40.Ke2 Rg3 
41.Rxc7 Rg2+ 42.Kf3 Rxb2 43.Rc6+ Ke7 44.f5 Rb1 45.Ke3 Rf1 46.Re6+ Kf7 47.
Rxb6 Rxf5 48.Rb5 Rh5 49.Rxa5 Rh3+ 50.Kd2 Ke6 51.Ra8 Rh2+ 52.Kd3 Ra2 53.
Ra6+ Kd7 54.a5 Kc7 55.Ke3 Rc2 56.Rxf6 Rxc3+ 57.Kf4 Ra3 58.a6 Kb8 59.Ke5 
Ra5 60.Rd6 Kc7 61.Ke6 Kb8 62.Rc6 Rb5 63.Kd6 Ka7 64.Ke6 Ra5 65.Rd6 Kb8 66.
Rxd5 Rxa6+ 67.Kd7 Ra7+ 68.Kd8 Ra4 69.Rb5+ Ka7 70.Kc7 Ka6 71.Rb6+ Ka7 72.d5
Rc4+ 73.Rc6 Rb4 74.d6 Rb7+ 75.Kd8 Rb8+ 76.Rc8 Rb1 77.d7 Kb7 78.Ke7 Re1+ 
79.Kf6 Rd1 80.d8=Q 1-0

[Event "8th Boris Kostic mem"]
[Site "Vrsac"]
[Date "1979.09.24"]
[Round "15"]
[White "Stean, Michael Francis"]
[Black "Kapelan, Milorad"]
[Result "1-0"]
[WhiteElo "2540"]
[BlackElo "2335"]
[EventDate "1979.09.07"]
[PlyCount "67"]
[Source "Perpetual Check"]

1.c4 e6 2.Nc3 d5 3.d4 Nf6 4.Nf3 Be7 5.Bf4 O-O 6.e3 c6 7.h3 Nbd7 8.Rc1 Qa5 
9.Nd2 Re8 10.Be2 Bf8 11.O-O h6 12.a3 a6 13.Qc2 e5 14.dxe5 Nxe5 15.cxd5 
cxd5 16.Rfd1 Ng6 17.Nb3 Qb6 18.Na4 Qc6 19.Qxc6 bxc6 20.Bh2 Ne5 21.Na5 g6 
22.Nb6 Rb8 23.Bxe5 Rxb6 24.Bxf6 c5 25.Bc3 d4 26.Nc4 Rb3 27.Be1 Be6 28.exd4
cxd4 29.Rxd4 Bg7 30.Rdd1 Bxh3 31.gxh3 Rxe2 32.Rd8+ Kh7 33.Bc3 Rb5 34.Kf1 
1-0